00544nam a2200133Ia 4500008004100000020001800041100001800059245013500077260003900212650002600251856004100277999001900318952007300337171212s9999 xx 000 0 und d a9781925261493 aBurton, T. L. cBurton, T. L.aThe Sound of William Barnes's Dialect Poemsb2. Poems of Rural Life in the Dorset Dialect, second collection (1859) bUniversity of Adelaide Pressc2017 aLanguage & Literature uhttp://jstor.org/stable/j.ctt1sq5wn9 c352950d352950 001040aCLbCLd2017-12-12l0r2017-12-12 00:00:00w2017-12-12yCBE